000
00325nam a2200121Ia 4500
008
201214s9999 xx 000 0 und d
100
_a
Alexander Hamilton Institute, Inc
245
0
_a
Capital Management For Financial Executives
260
_a
New York
260
_b
Alexander Hamilton Institute
300
_a
129
942
_c
BK
999
_c
5877
_d
5877